Trang trí nội thất hiện đại thế kỷ 21 :

Sách trình bày những bức ảnh minh hoạ về kiến trúc, cách bố trí không gian trong phòng, gam màu phù hợp, ... đối với các loại phòng ở, phòng ngủ, phòng ăn, phòng đọc sách, nhà bếp, phòng tắm và cầu thang....

Full beskrivning

Sparad:
Bibliografiska uppgifter
Materialtyp: Bok
Språk:Undetermined
Publicerad: Hà Nội Mỹ thuật 2005
Ämnen:
Taggar: Lägg till en tagg
Inga taggar, Lägg till första taggen!
Thư viện lưu trữ: Trung tâm Học liệu Trường Đại học Cần Thơ
LEADER 00899nam a2200193Ia 4500
001 CTU_131473
008 210402s9999 xx 000 0 und d
020 |c 48000 
082 |a 747 
082 |b H406/T.9 
245 0 |a Trang trí nội thất hiện đại thế kỷ 21 : 
245 0 |c Phạm Cao Hoàn ( biên soạn ) 
260 |a Hà Nội 
260 |b Mỹ thuật 
260 |c 2005 
520 |a Sách trình bày những bức ảnh minh hoạ về kiến trúc, cách bố trí không gian trong phòng, gam màu phù hợp, ... đối với các loại phòng ở, phòng ngủ, phòng ăn, phòng đọc sách, nhà bếp, phòng tắm và cầu thang. 
650 |a Interior decoration,Trang trí nội thất 
904 |i Hạ Nguyên, Kiều Nguyên 
980 |a Trung tâm Học liệu Trường Đại học Cần Thơ